| 000 | 00706nam a22002537a 4500 | ||
|---|---|---|---|
| 005 | 20170124110102.0 | ||
| 010 | _aB-045736 | ||
| 020 | _c00.00 | ||
| 035 | _aB-045736 | ||
| 037 | _bCen Lib/Ret | ||
| 040 |
_aDPL _bEN |
||
| 082 |
_a942 _bCAR |
||
| 100 |
_aCarter, E.H. _927345 |
||
| 245 |
_aA history britain / _cby E.H. Carter [and] R.A.F. Mears |
||
| 250 | _a3rd edq | ||
| 260 |
_bOxford University Press _c1937 _aLondon |
||
| 270 |
_aamen house _bLondon |
||
| 300 |
_a1116p ; _c20cm(Hb) _bill. |
||
| 500 | _aIncludes index | ||
| 650 |
_aHistory _zBritain _918811 |
||
| 650 |
_aDecline of Rome _927346 |
||
| 700 |
_aMears, R.A.F. _927300 |
||
| 942 |
_2ddc _cEN _h942 _mCAR |
||
| 999 |
_c129770 _d129770 |
||